[Event "Challenge"]
[Site "http://www.queenalice.com/game.php?id=654177"]
[Date "2009.9.18"]
[Round "-"]
[White "HuGeRoOsTeR"]
[Black "willroberto"]
[Result "1-0"]
[WhiteElo "1491"]
[BlackElo "1100"]

1. e4 e5 2. Nf3 f6 3. Bc4 Nh6 4. O-O g5 5. Nc3 Ng4 6. Nxg5 fxg5 7. Qxg4 d6 8.
Bb5+ c6 9. Qh5+ Ke7 10. Nd5+ cxd5 11. Qxg5+ 1-0

[Event "Let's Play Chess!"]
[Site "http://www.queenalice.com/game.php?id=654714"]
[Date "2009.9.19"]
[Round "-"]
[White "elche"]
[Black "willroberto"]
[Result "1-0"]
[WhiteElo "1678"]
[BlackElo "1096"]

1. e4 e5 2. Nf3 Nc6 3. Bc4 Nf6 4. O-O Na5 5. Bxf7+ Kxf7 6. Nxe5+ Ke8 7. Nf3 Bc5
8. c3 b5 9. b4 Bd6 10. bxa5 c6 11. e5 Bc5 12. exf6 gxf6 13. d4 Bd6 14. Nh4 Bf8
15. Qh5+ Ke7 16. Nf5+ Ke6 17. Re1+ Kd5 18. Qf7# 1-0

[Event "Will: Biba testador de umbigos"]
[Site "http://www.queenalice.com/game.php?id=654740"]
[Date "2009.9.19"]
[Round "-"]
[White "manzan"]
[Black "willroberto"]
[Result "1-0"]
[WhiteElo "1746"]
[BlackElo "1128"]

1. e4 e5 2. Nf3 Nc6 3. Bb5 Nf6 4. Bxc6 bxc6 5. d3 c5 6. O-O d5 7. Nc3 dxe4 8.
Nxe5 Bd6 9. Nc4 Be7 10. Nxe4 h6 11. Qf3 Bb7 12. Nxf6+ Bxf6 13. Qxb7 Qb8 14. Qc6+
Ke7 15. Qxc5+ Ke8 16. Qc6+ Kf8 17. Bf4 Qb6 18. Nxb6 1-0

[Event "Challenge"]
[Site "http://www.queenalice.com/game.php?id=655090"]
[Date "2009.9.19"]
[Round "-"]
[White "horsemen"]
[Black "willroberto"]
[Result "1-0"]
[WhiteElo "1348"]
[BlackElo "1245"]

1. d4 e6 2. Qd3 Nc6 3. f4 Nf6 4. g3 g6 5. Be3 Nb4 6. Qb3 a5 7. Na3 d5 8. c3 Na6
9. h4 b5 10. Qxb5+ Bd7 11. Qxa5 Qb8 12. O-O-O c5 13. dxc5 Nxc5 14. Qb4 Ra4 15.
Qxb8+ 1-0

[Event "Challenge"]
[Site "http://www.queenalice.com/game.php?id=656243"]
[Date "2009.9.22"]
[Round "-"]
[White "willroberto"]
[Black "pirata_jr"]
[Result "1-0"]
[WhiteElo "1128"]
[BlackElo "1050"]

1. e4 e5 2. d3 d6 3. c4 c5 4. g3 Nc6 5. Qa4 Bd7 6. Bh3 Qa5+ 7. Nc3 b6 8. a3 Be7
9. Qd1 Nd4 10. Bd2 Nf6 11. Nd5 Ba4 12. b3 Nxb3 13. Bxa5 bxa5 14. Nc7+ Kf8 15.
Nxa8 g6 16. Rb1 Nd7 17. Bxd7 1-0

[Event "Challenge"]
[Site "http://www.queenalice.com/game.php?id=656244"]
[Date "2009.9.22"]
[Round "-"]
[White "willroberto"]
[Black "ernesto_che"]
[Result "0-1"]
[WhiteElo "1185"]
[BlackElo "1242"]

1. e4 d5 2. Nc3 d4 3. Nb5 a6 4. Na3 e5 5. Nc4 Nc6 6. Nh3 b5 7. Na3 Qh4 8. g3
Qxe4+ 9. Qe2 Qxh1 10. Qh5 Nf6 11. Qh4 Bf5 12. d3 Ng4 13. Ng5 Nxh2 14. Kd2 Qxf1
15. Qxh2 Bb4+ 16. c3 dxc3+ 17. bxc3 Qxd3+ 18. Ke1 Bxc3+ 19. Bd2 Qxd2+ 20. Kf1
Bxa1 21. Qh5 O-O 22. Nf3 Qc1+ 23. Kg2 Be4 24. Qg4 f5 25. Qh5 Nd4 26. Qh1 Bxf3+
0-1

[Event "Challenge"]
[Site "http://www.queenalice.com/game.php?id=657410"]
[Date "2009.9.24"]
[Round "-"]
[White "RobynM"]
[Black "willroberto"]
[Result "1-0"]
[WhiteElo "1372"]
[BlackElo "1269"]

1. e4 d5 2. exd5 Qxd5 3. Nc3 Qd6 4. d4 e5 5. Nf3 exd4 6. Nxd4 c5 7. Bb5+ Bd7 8.
Qe2+ Be7 9. Nf5 Qf6 10. Nxe7 Qxe7 11. Qxe7+ Nxe7 12. O-O Nbc6 13. Ne4 a6 14.
Nd6+ Kf8 15. Bc4 b5 16. Bxf7 Nd4 17. c3 Ne2+ 18. Kh1 Nxc1 19. Raxc1 Nf5 20. Nxf5
Kxf7 21. Ng3 1-0

[Event "Let's Play Chess!"]
[Site "http://www.queenalice.com/game.php?id=664033"]
[Date "2009.10.7"]
[Round "-"]
[White "willroberto"]
[Black "miltonlovisk"]
[Result "0-1"]
[WhiteElo "1250"]
[BlackElo "1197"]

1. d4 d5 2. c3 Bf5 3. Qa4+ Nc6 4. e3 Nf6 5. g3 Bd7 6. Nf3 Ne5 7. Qd1 Nxf3+ 8.
Qxf3 Bg4 9. Qg2 Bf5 10. Qf3 Be4 11. Qe2 Bxh1 12. f3 e5 13. dxe5 Nd7 14. Qf2 Nxe5
15. Be2 Qf6 16. Qf1 Bxf3 17. Nd2 Bxe2 18. Kxe2 Qh6 19. e4 Qxh2+ 20. Qf2 Qxf2+
21. Kxf2 dxe4 22. Nxe4 O-O-O 23. Bf4 Nd3+ 0-1

[Event "Challenge"]
[Site "http://www.queenalice.com/game.php?id=664117"]
[Date "2009.10.7"]
[Round "-"]
[White "johnnyabrantess"]
[Black "willroberto"]
[Result "1-0"]
[WhiteElo "1271"]
[BlackElo "1300"]

1. d4 d5 2. c4 c6 3. Nc3 dxc4 4. e4 e6 5. Nf3 Nf6 6. Bxc4 b5 7. Bb3 Qa5 8. O-O
b4 9. Na4 Ba6 10. Re1 Bd6 11. Ne5 Nxe4 12. Rxe4 f6 13. Nf3 Qf5 14. Rxe6+ Kd7 15.
Be3 Kc7 16. Rc1 Kd7 17. Nc5+ Kd8 18. Rxd6+ Kc7 19. Re6 Bc8 20. Re7+ Kd8 21. Rxg7
Na6 22. d5 1-0

[Event "Challenge"]
[Site "http://www.queenalice.com/game.php?id=664120"]
[Date "2009.10.7"]
[Round "-"]
[White "marcosoda"]
[Black "willroberto"]
[Result "0-1"]
[WhiteElo "1304"]
[BlackElo "1247"]

1. e4 e5 2. d4 f5 3. exf5 exd4 4. Qxd4 Nc6 5. Qg4 Nf6 6. Qg5 Qe7+ 7. Be2 Nd4 8.
Na3 b6 9. Be3 c5 10. Bxd4 cxd4 11. Nb5 Qb4+ 12. Qd2 Qxb2 13. Qxd4 Qxc2 14. Bd1
Qxf5 15. Nc7+ Kd8 16. Nxa8 Bc5 17. Qd2 Qe5+ 18. Be2 Qxa1+ 19. Bd1 Ne4 20. Qf4
Qc3+ 21. Kf1 Nd2+ 22. Ke2 Ba6+ 23. Ke1 Ne4+ 0-1

[Event "Let's Play Chess!"]
[Site "http://www.queenalice.com/game.php?id=664121"]
[Date "2009.10.7"]
[Round "-"]
[White "burnthepoliticians"]
[Black "willroberto"]
[Result "1-0"]
[WhiteElo "1598"]
[BlackElo "1221"]

1. e4 d5 2. exd5 Nf6 3. c4 c5 4. dxc6 Nxc6 5. Nc3 g5 6. g3 Nb4 7. a3 Nd3+ 8.
Bxd3 Qxd3 9. Qe2 Bf5 10. Qxd3 Bxd3 11. Nf3 Ne4 12. Ne5 Rd8 13. Nxe4 Bxe4 14. f3
Bc2 15. O-O f6 16. Ng4 e5 17. Nxf6+ Kf7 18. Ng4 Re8 19. Re1 h5 20. Ne3 Bg6 21.
d3 Rd8 22. Ng2 Rxd3 23. Bxg5 Bc5+ 24. Be3 Rc8 25. Bxc5 Rxc5 26. Rad1 Rxc4 27.
Rxd3 Bxd3 28. Rxe5 Rc2 29. Rxh5 b5 30. Ne1 Rd2 31. Nxd3 Rxd3 32. Rh7+ Ke6 33.
Rxa7 Rd1+ 34. Kg2 Rd2+ 35. Kh3 Rxb2 36. Rb7 Kd6 37. f4 Kc6 38. Rb8 Rb3 39. Ra8
Kb7 40. Ra5 Kb6 41. Ra8 Kb7 42. Ra5 Kb6 43. Ra8 Kb7 44. Re8 Rxa3 45. f5 Ra8 46.
Rxa8 Kxa8 47. f6 1-0

[Event "Challenge"]
[Site "http://www.queenalice.com/game.php?id=664142"]
[Date "2009.10.7"]
[Round "-"]
[White "Petrucio"]
[Black "willroberto"]
[Result "0-1"]
[WhiteElo "1479"]
[BlackElo "1168"]

1. d4 d5 2. Nc3 c6 3. f4 e6 4. a4 g6 5. Qd2 Nf6 6. Nf3 b6 7. h4 Ba6 8. g3 Ne4 9.
Qe3 Nxg3 10. Bg2 Nxh1 11. Bxh1 c5 12. Qe5 Nc6 13. Qxh8 Qd6 14. Be3 cxd4 15. Bxd4
Qxf4 16. Qxh7 Nxd4 17. Qh8 Nxc2+ 18. Kd1 Nxa1 19. Na2 Qe3 20. Nc3 Rc8 21. Ke1
Rxc3 22. bxc3 Bxe2 23. Nd4 Bd3+ 24. Kd1 Nc2 25. Bf3 Nxd4 26. cxd4 Qxf3+ 27. Kd2
Qe2+ 28. Kc3 Qc2# 0-1

[Event "Let's Play Chess!"]
[Site "http://www.queenalice.com/game.php?id=665192"]
[Date "2009.10.10"]
[Round "-"]
[White "Aldino"]
[Black "willroberto"]
[Result "1-0"]
[WhiteElo "2091"]
[BlackElo "1300"]

1. e4 e5 2. Nf3 Nc6 3. d3 f6 4. Nc3 Nh6 5. Be2 Na5 6. Bd2 Bc5 7. h3 Qe7 8. Nd5
Qd6 9. Bxa5 b6 10. Bd2 c6 11. Ne3 Nf7 12. Nh4 g6 13. Nc4 Qe6 14. Be3 d5 15. exd5
cxd5 16. Bxc5 bxc5 17. Ne3 e4 18. g3 g5 19. Nhg2 Ne5 20. Ng4 Nf3+ 21. Bxf3 exf3+
22. N2e3 d4 23. Qxf3 dxe3 24. Qxe3 Rf8 25. O-O-O Rf7 26. Rde1 Re7 27. Qxe6 Bxe6
28. Nxf6+ Kf7 29. Ne4 Bd5 30. Rhf1 Rd8 31. Nxg5+ Ke8 32. Rxe7+ Kxe7 33. Nxh7 Rb8
34. Re1+ Kf7 35. Ng5+ Kg6 36. h4 Rf8 37. Re2 Bxa2 38. b3 1-0

[Event "Let's Play Chess!"]
[Site "http://www.queenalice.com/game.php?id=667350"]
[Date "2009.10.15"]
[Round "-"]
[White "willroberto"]
[Black "Demig"]
[Result "0-1"]
[WhiteElo "1220"]
[BlackElo "1301"]

1. d4 d5 2. Nc3 e6 3. e3 f5 4. Nh3 Nh6 5. f4 Nc6 6. Be2 g6 7. b3 Bd6 8. a3 O-O
9. Nb5 Be7 10. Ng5 Kg7 11. O-O Ng4 12. h3 Nf6 13. Rf3 Nh5 0-1

[Event "Let's Play Chess!"]
[Site "http://www.queenalice.com/game.php?id=667351"]
[Date "2009.10.15"]
[Round "-"]
[White "seizen"]
[Black "willroberto"]
[Result "1-0"]
[WhiteElo "1401"]
[BlackElo "1293"]

1. e4 e5 2. Nf3 d6 3. Bc4 Be6 4. d3 Nf6 5. O-O Nc6 6. Nc3 Na5 7. Ng5 Bg4 8. f3
Bh5 9. Nxf7 Qe7 10. Nxh8 g6 11. Nd5 Qe6 12. Nxc7+ 1-0

[Event "Challenge"]
[Site "http://www.queenalice.com/game.php?id=669747"]
[Date "2009.10.20"]
[Round "-"]
[White "Petrucio"]
[Black "willroberto"]
[Result "1-0"]
[WhiteElo "1445"]
[BlackElo "1202"]

1. e4 e5 2. d3 Nc6 3. a3 d6 4. c3 Nf6 5. Bg5 Be7 6. Bxf6 Bxf6 7. d4 exd4 8. cxd4
O-O 9. Nc3 Bxd4 10. Na4 Re8 11. Qd3 b5 12. Qxb5 Qd7 13. O-O-O Rxe4 14. Nh3 Ne5
15. Qd5 Qg4 16. f3 Be3+ 17. Kc2 Rc4+ 18. Bxc4 Qxc4+ 19. Nc3 1-0

[Event "Challenge"]
[Site "http://www.queenalice.com/game.php?id=670104"]
[Date "2009.10.20"]
[Round "-"]
[White "ericfer"]
[Black "willroberto"]
[Result "1-0"]
[WhiteElo "1752"]
[BlackElo "1194"]

1. e4 b6 2. Nc3 e5 3. Nf3 Nf6 4. Nxe5 Qe7 5. Nf3 d5 6. d3 Ba6 7. e5 Ng4 8. Nxd5
Qd7 9. Nc3 Nc6 10. d4 Bxf1 11. Kxf1 Qxd4 12. Nxd4 1-0

[Event "Cavalo de Fogo!!"]
[Site "http://www.queenalice.com/game.php?id=1002297"]
[Date "2011.10.28"]
[Round "1"]
[White "willroberto"]
[Black "lucasfais"]
[Result "0-1"]
[WhiteElo "1185"]
[BlackElo "1326"]

1. e4 e5 2. d4 exd4 3. Qxd4 Nc6 4. Qa4 Nb4 5. c3 b5 6. Qb3 Nc6 7. Nf3 a6 8. Ng5
Nh6 9. a4 Na5 10. Qc2 f6 11. h4 fxg5 12. b4 Nc4 13. axb5 d5 14. hxg5 Nf7 15. Qe2
h6 16. exd5+ Nfe5 17. f3 Qxd5 18. Rh4 axb5 19. gxh6 Rxa1 0-1